Statistics for Can you name the Chelsea F.C player?

Click here to take the quiz!

General Stats

  • This quiz has been taken 501 times
  • The average score is 6 of 8

Answer Stats

Answer% Correct
Fabregas
95%
Caballero
86%
Emerson
86%
Loftus-Cheek
86%
Moses
79%
Ampadu
73%
Piazon
42%
Green
39%

Score Distribution

Percentile by Number Answered

Percent of People with Each Score

Your Score History

You have not taken this quiz